| 000 | 00625nam a22001817a 4500 | ||
|---|---|---|---|
| 003 | 0 | ||
| 005 | 20241226094304.0 | ||
| 008 | 241226b xxu||||| |||| 00| 0 eng d | ||
| 020 | _a978-0-323--87699-5 | ||
| 050 |
_aRT 41 _b.H45 2024 |
||
| 100 | _aHeimgartner, Nicole M. | ||
| 245 |
_aClinical companion for medical surgical nursing _bconcepts for clinical judgement and collaborative care _cNicole M. Heimgartner |
||
| 260 |
_aMissouri _bElsevier _c2024 |
||
| 300 |
_axv, 687 pages : _bcolored pictures and illustrations ; _c20cm. |
||
| 504 | _aIncludes index. | ||
| 650 | _aMedical--Surgical Nursing. | ||
| 942 |
_2lcc _cBK |
||
| 999 |
_c366826 _d366826 |
||